| 000 | 00927nam a2200253 a 4500 | ||
|---|---|---|---|
| 001 | 000003222 | ||
| 005 | 20240530073910.0 | ||
| 008 | 090707s2008 dr 000 f spa d | ||
| 020 | _a9789945443325 | ||
| 040 |
_aDO-SdBNP _bspa _cBNPHU |
||
| 082 |
_aRD863.44 _bE77t |
||
| 100 | 1 |
_aEspaillat Cabral, Arnaldo _910165 |
|
| 245 | 1 | 3 |
_aLa tumba vacía / _cArnaldo Espaillat Cabral. |
| 260 |
_aSanto Domingo : _bPublicaciones del Banco Central, _c2008. |
||
| 300 |
_a677 p. ; _c24 cm. |
||
| 490 | 1 |
_aBanco Central de la República Dominicana ; _v107 |
|
| 490 | 1 |
_aArte y literatura ; _v45 |
|
| 500 | _aIncluye datos biográficos del autor en la solapa de la cubierta | ||
| 590 | _aInventariado, 2020/BT | ||
| 650 | 0 |
_aNovela dominicana _9223 |
|
| 650 | 0 |
_aLiteratura dominicana. _967 |
|
| 830 | 0 |
_aBanco Central de la República Dominicana ; _v107 _pArte y literatura ; _n45 _910166 |
|
| 910 | _aValidado. Control de calidad MMOLINA | ||
| 999 |
_c3053 _d3053 |
||